Electronic Communication Systems (Record no. 353981)

MARC details
000 -LEADER
fixed length control field 00395nam a2200157Ia 4500
008 - FIXED-LENGTH DATA ELEMENTS--GENERAL INFORMATION
fixed length control field 230719s9999 xx 000 0 und d
041 ## - LANGUAGE CODE
Language code of text/sound track or separate title eng
082 ## - DEWEY DECIMAL CLASSIFICATION NUMBER
Classification number 621.382
Item number KEN
100 ## - MAIN ENTRY--PERSONAL NAME
Personal name Kennedy G.
9 (RLIN) 111726
245 ## - TITLE STATEMENT
Title Electronic Communication Systems
250 ## - EDITION STATEMENT
Edition statement 4th ed.
260 ## - PUBLICATION, DISTRIBUTION, ETC. (IMPRINT)
Name of publisher, distributor, etc. Tata Mc-graw Hill
300 ## - PHYSICAL DESCRIPTION
Extent 763
365 ## - TRADE PRICE
Currency code Rs.
Price amount 88.00
700 ## - ADDED ENTRY--PERSONAL NAME
Personal name Kennedy G. & Davis B.
9 (RLIN) 186688
Holdings
Withdrawn status Lost status Damaged status Not for loan Home library Current library Shelving location Date acquired Vendor Cost, normal purchase price Total Checkouts Full call number Barcode Date last seen Date last checked out Cost, replacement price Bill Date Koha item type Original Barcode
        Cummins College of Engineering for Women Pune Cummins College of Engineering for Women Pune Donated Book 09/06/2012 Masurkar Enterprises 88.00 1 621.382 CCEP-DB-186 05/03/2024 26/02/2024 88.00 19/07/2023 Books D00186